Calcutta/ Kolkata #2 - Statistics

General Stats
  • This quiz has been taken 6 times
  • The average score is 5 of 15
Answer Stats
Hint Answer % Correct
Famous fictional writer who owns a green ambassador Lalmohan Ganguly (Jatayu)
100%
Restaurant famous for serving an Iranian dish, Chelow Kabab Peter Cat
100%
Sherbet shop near College Square (est. 1918) Paramount
75%
A temple dedicated to this Goddess is located in Cossipore, where human sacrifices were made to appease the goddess until the 18th century Chitteshwari
50%
Single screen theatre near Deshapriya Park. Associated with this theatre was a production house that produced films such as Pratidwandi (1970) and Goopy Gyne Bagha Byne (1969) Priya Cinema | Priya Entertainment
50%
Founder of Bengal Chemicals and Pharmaceuticals Ltd. (est. 1901) Acharya Prafulla Chandra Roy
25%
Former name of the Indian Coffee House Albert Hall
25%
Complete the trio: Padatik | Interview Calcutta 71
25%
A museum dedicated to dolls from around the world Nehru Children's Museum
25%
Author known for his humorous short stories, and used Parashuram as a pseudonym Rajsekhar Basu
25%
The maker of the sedan that Subhash Chandra Bose used for escaping house arrest in 1941 Wanderer
25%
A colonial administrator, led the project for excavating the Rabindra Sarobar in the 1920s Cecil Henry Bompass
0%
Author of the 1985 novel, 'The City of Joy' Dominique Lapierre
0%
Famous nightclub that shut down in 1977 Firpo's
0%
Nikhil Sarkar, who wrote a popular account of the city's history in Bengali, is also referred to more commonly by his pen name, which is- Sripantha
0%
No matching quizzes found
Score Distribution
Percent of People with Each Score
Percentile by Number Answered
Your Score History
You have not taken this quiz